000 00643cam a2200229 4500500
005 20260329004038.0
041 _afre
042 _adc
100 1 0 _aLegros, Martin
_eauthor
245 0 0 _aStefano Mancuso. La fibre végétale
260 _c2018.
500 _a95
690 _aHaricot
690 _aMartin Legros
690 _aPlante
690 _aStefano Mancuso
690 _aVégétal
690 _aVert
690 _aVivant
786 0 _nPhilosophie magazine | 119 | 5 | 2018-05-01 | p. 10-10 | 1951-1787
856 4 1 _uhttps://shs.cairn.info/magazine-philosophie-magazine-2018-5-page-10?lang=fr&redirect-ssocas=7080
999 _c1830096
_d1830096